00336nam a2200121Ia 4500008004100000041001200041082001600053100001700069245007000086260003700156300000800193650001300201221030s9999 xx 000 0 und d aEnglish a105.23bSha aB. R. Sharma 0aElements of Electrical Engineering & Electronicscby B. R. Sharma bSatya PrakashanaNew Delhic1992 a887 aECE & EE